000 00953cab a2200289 4500
001 ABS50356
008 090401t1994 xxu||||| |||| 00| 0 eng d
035 _a(Sirsi) u75416
041 _aeng
100 _aPaice, Catherine
245 _aCounty council farms: a balancing act between social and financial priorities
260 _c1994
350 _a0
490 _aCSM (Chartered Surveyor Monthly)
_v3(6) March 1994, 42-43(2)
520 _aComments on the recent RICS County Farms Conference looking at their future. (Proceedings available for loan)
650 _aPROPERTY-LANDLORD AND TENANT-TENANCIES-AGRICULTURAL TENANCIES
650 _aCOUNTY FARMS CONFERENCE
650 _aCOUNTY FARMS
650 _aFARMLAND
650 _aGLADSTONE V BOWER
650 _aLOCAL AUTHORITIES
650 _aSMALLHOLDINGS
690 _aLANDLORD AND TENANT-AGRICULTURAL TENANCIES
690 _aRURAL PRACTICE
942 _n0
948 _c04/03/1997
999 _c47487
_d47487